Membránové technológie v úprave vody
Gespeichert in:
| 1. Verfasser: | |
|---|---|
| Weitere Verfasser: | |
| Format: | Manuskript Buch |
| Sprache: | Englisch |
| Veröffentlicht: |
Bratislava :
STU v Bratislave SvF,
2014
|
| Schlagworte: | |
| Online-Zugang: | VAIS |
| Tags: |
Keine Tags, Fügen Sie das erste Tag hinzu!
|
MARC
| LEADER | 00000ntm a22000003a 4500 | ||
|---|---|---|---|
| 001 | stu297887 | ||
| 005 | 20150617230311.7 | ||
| 008 | 140919s2014----xo------------------eng-d | ||
| 040 | |a STU |b slo | ||
| 041 | 0 | |a eng | |
| 044 | |a xo | ||
| 100 | 1 | |a Ivičičová, Eva, |d 1988- |4 aut |u V |T SvF Stavebná fakulta |X 49018 |U V |Y 10 |7 A000049018 | |
| 242 | 0 | 0 | |a Membrane technology in water treatment |y eng |
| 245 | 1 | |a Membránové technológie v úprave vody | |
| 260 | |a Bratislava : |b STU v Bratislave SvF, |c 2014 | ||
| 650 | 7 | |a krajinárstvo a krajinné plánovanie |2 stusub | |
| 650 | 7 | |a Landscaping and Landscape Planning |2 estusub | |
| 650 | 7 | |a drinking water |2 estusub | |
| 650 | 7 | |a membrane technology |2 estusub | |
| 650 | 7 | |a water treatment |2 estusub | |
| 650 | 7 | |a úprava vody |2 stusub | |
| 650 | 7 | |a pitná voda |2 stusub | |
| 650 | 7 | |a ultrafiltrácia |2 stusub | |
| 700 | 1 | |a Ilavský, Ján, |d 1958- |4 ths |u V280 |U SvF Stavebná fakulta |T SvF Katedra zdravotného inžinierstva |X 554 |U V280 |Y 29 |7 A000000554 | |
| 856 | 4 | |a info a plný text |u http://is.stuba.sk/zp/portal_zp.pl?podrobnosti=100563 |3 VAIS | |